书目信息 |
| 题名: |
普通逻辑
|
|
| 作者: | ||
| 分册: | ||
| 出版信息: | 上海 上海人民出版社 1979 |
|
| 页数: | 330页 | |
| 开本: | 19cm | |
| 丛书名: | ||
| 单 册: | ||
| 中图分类: | B812 , B81 | |
| 科图分类: | ||
| 主题词: | 形式逻辑 | |
| 电子资源: | ||
| ISBN: | ||
| 000 | 00503nam0 2200217 45 | |
| 001 | 0939681677 | |
| 005 | 20090928091306.03 | |
| 010 | @dCNY0.87 | |
| 091 | @aCN@b2074.363 | |
| 100 | @a19950712d1979 em y0chiy0121 ea | |
| 101 | 0 | @achi |
| 102 | @aCN@b310000 | |
| 105 | @ay z 000yy | |
| 200 | 10 | @a普通逻辑@Apu tong luo ji |
| 210 | @a上海@c上海人民出版社@d1979 | |
| 215 | @a330页@d19cm | |
| 606 | 0 | @a形式逻辑 |
| 690 | @aB812@v3 | |
| 690 | @aB81@v4 | |
| 801 | 0 | @aCN@bTSSF |
| 905 | @a10447@dB81@eJY6 | |
| 普通逻辑.-上海:上海人民出版社,1979 |
| 330页;19cm |
| ISBN :CNY0.87 |
| ● |
| 相关链接 |
|
|
|
|
正题名:普通逻辑
索取号:B81/JY6
 
预约/预借
| 序号 | 登录号 | 条形码 | 馆藏地/架位号 | 状态 | 备注 |
| 1 | 7804781 | 278047819 | 学院路分馆/ [索取号:B81/JY6] | 在馆 | |
| 2 | 7804782 | 278047828 | 学院路分馆/ [索取号:B81/JY6] | 在馆 | |
| 3 | 7804783 | 278047837 | 学院路分馆/ [索取号:B81/JY6] | 在馆 | |
| 4 | 7804784 | 278047846 | 学院路分馆/ [索取号:B81/JY6] | 在馆 |